书目信息 |
| 题名: |
三国志
|
|
| 作者: | 陈寿 著 ;骆宾 译 | |
| 分册: | ||
| 出版信息: | 北京 中国文联出版社 2016 |
|
| 页数: | 660页 | |
| 开本: | 21cm | |
| 丛书名: | ||
| 单 册: | ||
| 中图分类: | K236.042 | |
| 科图分类: | ||
| 主题词: | 三国时代--历史--纪传体 | |
| 电子资源: | ||
| ISBN: | 978-7-5190-1827-6 | |
| 000 | 00867nam0 2200265 450 | |
| 001 | 2258238442 | |
| 005 | 20220930161102.19 | |
| 010 | @a978-7-5190-1827-6@b精装@dCNY38.00 | |
| 100 | @a20181129d2016 em y0chiy50 ea | |
| 101 | 0 | @achi |
| 102 | @aCN@b110000 | |
| 105 | @ay z 000yy | |
| 200 | 1 | @a三国志@9san guo zhi@f(晋)陈寿著@g骆宾译 |
| 210 | @a北京@c中国文联出版社@d2016 | |
| 215 | @a660页@d21cm | |
| 300 | @a国学经典 古典名著 精选精译 | |
| 330 | @a本书是一部记载魏、蜀、吴三国鼎立的纪传体国别史,记载了从魏文帝黄初元年(公元220年)到晋武帝太康元年(公元280年)六十年的历史。 | |
| 500 | 10 | @a三国志@9san guo zhi |
| 605 | @a《三国志》@x译文 | |
| 606 | 0 | @a三国时代@x历史@j纪传体 |
| 690 | @aK236.042@v5 | |
| 701 | 0 | @c(晋)@a陈寿@9chen shou@f(233~297)@4著 |
| 702 | 0 | @a骆宾@9luo bin@4译 |
| 801 | 0 | @aCN@b91MARC@c20181129 |
| 905 | @aZUCC@dK236.042@e12 | |
| 三国志/(晋)陈寿著/骆宾译.-北京:中国文联出版社,2016 |
| 660页;21cm |
| 国学经典 古典名著 精选精译 |
| ISBN 978-7-5190-1827-6(精装):CNY38.00 |
| 本书是一部记载魏、蜀、吴三国鼎立的纪传体国别史,记载了从魏文帝黄初元年(公元220年)到晋武帝太康元年(公元280年)六十年的历史。 |
| ● |
| 相关链接 |
|
|
|
正题名:三国志
索取号:K236.042/12
 
预约/预借
| 序号 | 登录号 | 条形码 | 馆藏地/架位号 | 状态 | 备注 |
| 1 | 2000908981 | 2000908981 | 第三书库/ [索取号:K236.042/12] | 在馆 | |
| 2 | 2000908982 | 2000908982 | 第三书库/ [索取号:K236.042/12] | 在馆 | |
| 3 | 2000908983 | 2000908983 | 第三书库/ [索取号:K236.042/12] | 在馆 |